Normal view
MARC view
- Jones, Vivien
Entry Personal Name
001 - CONTROL NUMBER
- control field: 65048
003 - CONTROL NUMBER IDENTIFIER
- control field: NUST
005 - DATE AND TIME OF LATEST TRANSACTION
- control field: 20210628203355.0
008 - FIXED-LENGTH DATA ELEMENTS
- fixed length control field: 210628|| aca||aabn | a|a d
040 ## - CATALOGING SOURCE
- Original cataloging agency: NUST
- Transcribing agency: NUST
100 ## - HEADING--PERSONAL NAME
- Personal name: Jones, Vivien
670 ## - SOURCE DATA FOUND
- Source citation: Work cat.: (NUST): Jones, Vivien, How to study a jane austen novel, 1997
